000 00220 a2200097 4500
001 34523
100 _aStewart James
245 _aCalculus Early Vectors
260 _aUSA
_bBrooks/Cole Pub
_c1999
090 _c22805
_d22805
942 _aNUST-CAE
_cM
_c14231
999 _c269596
_d269596